ბათუმის შოთა რუსთაველის სახელმწიფო უნივერსიტეტის ბიბლიოთეკა

Kartvelian linguoculturology of the past :Selected articles / (ბიბ.ჩანაწერი № 57045)

000 -LEADER
fixed length control field 01197nam a22002177a 4500
005 - DATE AND TIME OF LATEST TRANSACTION
control field 20191031132724.0
008 - FIXED-LENGTH DATA ELEMENTS--GENERAL INFORMATION
fixed length control field 191031s2018 en ||||| |||| 00| 0 eng d
041 ## - LANGUAGE CODE
Language code of text/sound track or separate title eng
080 ## - UNIVERSAL DECIMAL CLASSIFICATION NUMBER
Universal Decimal Classification number 811.353:81 M-60
100 ## - MAIN ENTRY--PERSONAL NAME
Personal name Meskhi, Anna
9 (RLIN) 5180
245 ## - TITLE STATEMENT
Title Kartvelian linguoculturology of the past :Selected articles /
Statement of responsibility, etc. Anna Meskhi ; David Meskhi.
264 ## - PRODUCTION, PUBLICATION, DISTRIBUTION, MANUFACTURE, AND COPYRIGHT NOTICE
Place of production, publication, distribution, manufacture Tbilisi :
Name of producer, publisher, distributor, manufacturer Carpe diem,
Date of production, publication, distribution, manufacture, or copyright notice 2018.
300 ## - PHYSICAL DESCRIPTION
Extent 470 p. :
Other physical details fig., tab. ;
Dimensions 24 cm.
500 ## - GENERAL NOTE
General note საძიებელი: გვ. 466-469. ბიბლიოგრ.: გვ. 422-447.
653 ## - INDEX TERM--UNCONTROLLED
keyword ქართველური ენები ლინგვო კულტუროლოგიური ასპექტები
653 ## - INDEX TERM--UNCONTROLLED
keyword ქართველური ენების ეტიმოლოგია. ქართველური ენების ტიპოლოგია
653 ## - INDEX TERM--UNCONTROLLED
keyword ქართული მითოლოგია უცხო ენების სწავლების მეთოდიკა ენათმეცნიერება
700 ## - ADDED ENTRY--PERSONAL NAME
Personal name Meskhi, David
9 (RLIN) 5181
710 ## - ADDED ENTRY--CORPORATE NAME
Relator term Center for Research of Kartvelian civilization (CRKC)
9 (RLIN) 5182
942 ## - ADDED ENTRY ELEMENTS (KOHA)
Source of classification or shelving scheme
Koha item type წიგნი
ეგზემპლარები
Withdrawn status Lost status Source of classification or shelving scheme Damaged status Not for loan Permanent Location Current Location Shelving location Date acquired Cost, normal purchase price Full call number Barcode Date last seen Copy number Price effective from Koha item type Public note
          ბათუმის შოთა რუსთაველის სახელმწიფო უნივერსიტეტის მთავარი ბიბლიოთეკა ბათუმის შოთა რუსთაველის სახელმწიფო უნივერსიტეტის მთავარი ბიბლიოთეკა წიგნსაცავი 2019-10-31 10.00 811.353:81 M-60 59048 2019-10-31 59048 2019-10-31 წიგნი 10 ლ.